MDQL
is popping MORE tags! Check the
thread
!
Quizzes
Events
Quiz Creation
Community
Videos
Private Events
Remove Ads
Sign In
Join for FREE
Feedback
Dark Mode
Quiz Categories
Sports
Geography
Music
Movies
Television
Just For Fun
Miscellaneous
History
Literature
Language
Science
Gaming
Entertainment
Religion
Holiday
For Kids
Quiz Lab
Recent
Popular Today
Quiz Kudos Today
Editor Picks
Curator Picks
Quizzes by...
Day
Popularity
Type
Ratings
Length
Year
Community
Subscriptions
Recent Discussions
Orange Saloon
Badges
Playlists
Quests
Create
Leaderboards
Showdown
Live 5
Trivia Bingo
Activity
Puzzle Library
Sporcle Events
Private Events
Virtual Trivia
Globe League
Become a Host
Pub Owners
SporcleCon
Opinionation
Our Games
Videos
Blog
Mobile Apps
Partnerships
Remove Ads and Go Orange
Feedback
Music
Pop Music
The Beatles
Song
Album
Lyrics
Bands
Singers
Artist
Clip
Rock
Rap
Classical
Billboard
Country Music
Kpop
Taylor Swift
Music
Pop Music
The Beatles
Song
Album
Lyrics
Bands
Singers
Artist
Clip
Rock
Rap
Classical
Billboard
Country Music
Kpop
Taylor Swift
Random Quiz
Search Sporcle
×
Quiz Lab
Quiz Lab
Music
Album
Type in answers that appear in a list
Type in answers that appear in a list
Classic
Best Score? Go Orange.
BrokeNCYDE Songs(: Stats
Can you name the :)brokeNCYDE Songs(:?
By
Elaine1617
5m
10 Questions
125 Plays
125 Plays
125 Plays
Comments
Comments
Give Quiz Kudos
Give Quiz Kudos
-
- Ratings
hide this ad
Replay
Link that replays current quiz
Next Quiz
Link to next quiz in quiz playlist
You Got
0%
They Got
Avg Score
53%
Avg Friend Score
Upgrade to see
Score Distribution
Jump to the score distribution portion of the page
Score
0/10
Timer
05:00
0
Plays Today
Album: Random
% Correct
If you aint down **** than throw your hands up. Get loose in the club. We're gonna tear this party up.
Get Crunk
80.8%
Lets get crunk tonight baby girl you got my digits. Hit me up 'bout ten, I'll be over in a minute.
40 OZ
64.8%
Eenie meenie minnie moe. So much bitches at our shows. Different state a different hoe. Which of them should I take home.
Yellow Bus
64.8%
Oh baby why did you have to lie to me. I can't play no more games. These thoughts are slowl controlling me.
Freaxxx
64%
E-
40 Oh! Let's start another party. Smoke a little chronic and get naughty. Pop a few drinks and get sloppy.
Booty Call
60%
Girl can't you see me rockin' skinnies with them Nike's on. Your hair looks different your extensions makes it twice as long.
Scene Girlz
57.6%
We fell in love in the middle of September. You took a peice of my heart in December.
Sunshine
44.8%
My butterfly I'm happy when your with me. You're everything I see and everything I need.
Kandyland
39.2%
This girl is poppin' like she's in a magazine. One of the finest girls I've ever ****' seen.
Money Hungry Hoe
36%
Oh yeah this extacy just makes me want you so bad I got these rave bitches screamin' oh yeah.
Tipsy
24.8%
Quiz Playlist
Details
Report
Send in Message
Add To Playlist
Classic:
Type in answers that appear in a list
Last Updated: Feb 16, 2017
Quiz Scoreboard
CHALLENGE
Sign Up to Join the Scoreboard
Show All
Scores
Hide
Comments
May contain spoilers
Recently Published
1-10 Letter E Words III
by El_Dandy
Language
2m
Street Fighter Characters
by Artimus82
Gaming
60s
College Basketball Coaching Resumes
by pancakes188
Sports
9m
More to Explore
Quiz From the Vault
Featured Blog Post
Where Did the Easter Bunny Come From?
hide this ad
You Might Also Like...
Tags
Album Quiz
Song Quiz
Today's Top Quizzes in Music
Browse Music
hide this ad
Today's Top Quizzes in Album
Browse Album
Top Contributed Quizzes in Music
1
Taylor Swift All Songs (2024)
2
Taylor Swift Logic Puzzle
3
Guess the Artist- 70s Songs
4
7-to-1: Billboard Hot 100 #1 Hits of 2010s
5
Sorting Albums and Songs
6
Billboard Blitz: Aretha Franklin
7
KPOP LOGIC QUIZ
8
Guess the Taylor Swift song (Mystery Song)
9
Guess The Taylor Swift Lyrics Song #1
10
Billboard Blitz: ABBA
Explore More
Trending Topics
Crossword
Marvel
Harry Potter
Anime
NBA
Disney
Kpop
WWE
The Office
Pokémon
Song
Puzzle
Soccer
NFL
Country
hide this ad
More By:
Elaine1617
Quiz
Plays
Rating
Category
Featured
Created
Ghost Adventures Crew ._.
683
2.00
Television
Feb 28, 2011
Asking Alexandria Members
414
5.00
Music
Feb 25, 2011
30 Seconds To Mars Songs!
383
Music
Mar 1, 2011
Ghost Adventures Locations
190
1.00
Television
Feb 28, 2011
Alesana Lyrics
178
Music
Feb 7, 2011
Go to Creator's Profile
Score Distribution
Quiz Creator Spotlight
Elaine1617
Follow
Send a Message
Quizzes Created
-
Created Quiz Play Count
-
More By This Creator
Popular Quizzes Today
1
Find the US States - No Outlines Minefield
2
Find the Countries of Europe - No Outlines Minefield
3
The Countries of the World
4
Find the US States
5
Risky Map Clicking: Biggest States A-Z
6
US States
7
Popular People in 1961
8
Movies - When Are They Set?
More Music Quizzes
MTV's Most Controversial Videos
Published
Trending Quizzes
Risky Map Clicking: Least Populous States A-Z
Billboard Blitz: Aretha Franklin
Famous Russians: Author or Composer?
1-10 Letter G Words
Countries of the World: 200 Million BC
Recently Updated
Leaping Animals
pecheneg
Reality TV Shows (A-Z)
bhenderson79
Rickey Henderson's Hall of Fame Teammates
pecheneg
Champions League XIs: Arsenal
pecheneg
Quick Pick: Celebrities in WWE's Hall of Fame
aduchscher
A-Z Keypad Blitz II
pecheneg
Multiple Oscar Actors
pecheneg
Mystery Phrase Blitz: Oscar 'Best Actors'
pecheneg
F. Scott Fitzgerald Novels
LTH
Pick 3 Villains
ddd62291
Trending Topics
Crossword
NBA
Harry Potter
Disney
Anime
Kpop
Marvel
Puzzle
WWE
Pokémon
Song
Soccer
Country
The Office
NFL
Your Account Isn't Verified!
In order to create a playlist on Sporcle, you need to verify the email address you used during registration. Go to your
Sporcle Settings
to finish the process.
Report this User
Report this user for behavior that violates our
Community Guidelines
.
Details:
Send Report
Go to the Sporcle.com Mobile Site →
Comments